Navrhovanie kovových (oceľových, hliníkových) a drevených nosných prvkov a konštrukcií podľa európskych noriem : Celoživotné vzdelávanie v stavebníctve a geodézii. Kurz č.3
Salvato in:
| Altri autori: | |
|---|---|
| Natura: | Libro |
| Lingua: | slovacco |
| Pubblicazione: |
Bratislava :
STU v Bratislave SvF,
2006
|
| Tags: |
Nessun Tag, puoi essere il primo ad aggiungerne!!
|
MARC
| LEADER | 00000nam a22000003a 4500 | ||
|---|---|---|---|
| 001 | stu132455 | ||
| 005 | 20221212122423.5 | ||
| 008 | 061215s2006----xo------------------slo-d | ||
| 020 | |a 80-227-2544-7 | ||
| 040 | |a STU |b slo | ||
| 041 | 0 | |a slo | |
| 044 | |a xo | ||
| 100 | 1 | |a Baláž, Ivan, |d 1948- |4 com |u V190 |9 100 |U SvF Stavebná fakulta |T SvF Katedra kovových a drevených konštrukcií |X 1009 |U V190 |Y 21 |7 A000001009 | |
| 245 | 1 | |a Navrhovanie kovových (oceľových, hliníkových) a drevených nosných prvkov a konštrukcií podľa európskych noriem : |b Celoživotné vzdelávanie v stavebníctve a geodézii. Kurz č.3 | |
| 260 | |a Bratislava : |b STU v Bratislave SvF, |c 2006 | ||
| 996 | |b 284V033432 |c V*301/A |l VVT |s A |a 24 |w stu132455_0001 | ||